Statistiken für Deutsche Geschichte - November

Klicken Sie hier um das Quiz zu spielen!

Allgemein

  • Dieses Quiz wurde 66 mal gespielt
  • Das Durchschnittsergebnis liegt bei 14 aus 30

Antwortstatistiken

TagJahrFrageAntwort% Korrekt
91989Ereignis in BerlinMMauerfall
97%
101938In dieser Nacht (auf den 10. November) initiieren SA und NSDAP deutschlandweite antisemitische Ausschreitungen gegen Synagogen und jüdische Wohnhäuser bei denen mehrere hundert Juden ermordet werden
Im Anschluss werden zehntausende Juden verhaftet und in Konzentrationslagern interniert
PReichs{pogrom}nacht
97%
51980Dieser Sozialdemokrat wird zum Bundeskanzler gewähltSHelmut Schmidt
88%
41619Dieser Pfalzgraf wird im Dreißigjährigen Krieg König von BöhmenFFriedrich V.
83%
221942Die deutsche sechste Armee wird in dieser Stadt eingeschlossenSStalingrad
81%
31918Dieser Aufstand geht in die Novemberrevolution überMKieler {Matrosen}aufstand
80%
151920Als Folge des Versailler Vertrags entsteht dieser StaatDFreie Stadt {Danzig}
73%
281964In Deutschland wird diese neonazistische Partei gegründet
2017 wird sie vom Bundesverfassungsgericht für verfassungsfeindlich erklärt, jedoch nicht verboten da sie keine Gefahr für die freiheitlich-demokratische Grundordnung darstelle
NNationaldemokratische Partei Deutschlands
69%
11876Das Deutsche Reich schließt mit diesem polynesischen Staat einen Freundschaftsvertrag der 1977 erneuert wirdTTonga
69%
131961Stalinstadt und Fürstenberg an der Oder werden zu dieser Stadt zusammengeschloßen
Tipp: Der Name deutet auf die industrielle Bedeutung der Stadt
E{Eisenhütten}stadt
68%
121918In Deutschland und Österreich wird dieses Recht eingeführtF{Frauenwahl}recht
66%
141899Das Deutsche Reich und die Vereinigten Staaten teilen diese polynesische Inselgruppe untereinander aufSSamoa
59%
291850In der Olmützer Punktation muß Preußen seinen Versuch der Einigung (Klein-)deutschlands in diesem Staat aufgeben
Die erarbeitete Verfassung ähnelte der Frankfurter Reichsverfassung hatte jedoch stärkere monarchische Elemente
Tipp: Stadt in Thüringen
E{Erfurter} Union
53%
201803
Der deutsche Räuberhauptmann Johannes Bückler aus dem Hunsrück, der unter diesem Namen bekannt wurde, wird in Mainz hingerichtet
Tipp: Der junge Bückler war Abdecker (Schinder)
SSchinderhannes
53%
81685Im Edikt von Potsdam gewährt der Große Kurfürst diesen französischen Protestanten Privilegien und Zuflucht in Brandenburg-PreußenHHugenotten
46%
30191988% der Bevölkerung dieses Freistaates stimmen für den Beitritt zu Bayern und gegen den Beitritt zu ThüringenCFreistaat {Coburg}
37%
181916Diese Schlacht endet
Sie war die verlustreichste Schlacht des Ersten Weltkriegs
SSchlacht an der {Somme}
37%
171881Otto von Bismarck leitet mit der Verlesung einer Kaiserlichen Botschaft die Erlassung dieser Gesetze durch einige Parteien des Reichtags (u.a. Deutschkonservative, Zentrum) einS{Sozial}gesetze
37%
191962Im Rahmen dieser Affäre treten alle fünf FDP-Minister aus Protest zurück
Tipp: Bedingt abwehrbereit
S{Spiegel}-Affäre
37%
21810Unter Friedrich Wilhelm III. wird in Preußen folgende Freiheit eingeführt, welche das Zunftwesen in den Städten beseitigtG{Gewerbe}freiheit
36%
71938Herschel Grynszpan schießt in dieser Stadt auf den deutschen Botschafter Ernst vom RathPParis
34%
241946In diesem deutschen Land werden die ersten Wahlen abgehalten
Tipp: Kein heutiges Bundesland der BRD, aber wenn man die Namensbestandteile von einem vertauscht erhält man den Namen dieses historischen Landes
WWürttemberg-Baden
32%
161976Dieser ostdeutsche Musiker wird offiziell aus der DDR ausgebürgertBWolf Biermann
31%
27511Dieser fränkische König stirbtCChlodwig I.
25%
11887Nach dem Tod Karls III. der Dicke wird dieser letzte karolingische Kaiser ostfränkischer (römisch-deutscher) KönigA{Arnulf} von Kärnten
10%
251870Der Norddeutsche Bund schließt mit Württemberg den letzten dieser Verträge über den Beitritt der süddeutschen Staaten zum Deutschen Bund (Nicht zu verwechseln mit dem Deutschen Bund 1815-1866)N{November}verträge
5%
211848In Deutschland wird in Folge der Märzrevolution diese erste moderne Partei gegründetC{Central}märzverein
3%
231923
Dieser Chef der Heeresleitung der Reichswehr verbietet die KPD, NSDAP und DVFP aufgrund antidemokratischer Umsturzversuche (Hitlerputsch und Hamburger Aufstand)
Ihm wurde das Recht dazu von Friedrich Ebert auf Grundlage von Artikel 48 der Reichsverfassung verliehen
SHans von Seeckt
3%
261822Dieser preußische Reformer und Nachfolger von vom Stein als preußischer Kanzler, stirbt in GenuaHKarl August von Hardenberg
3%
61657Diese Lande Königlich-Preußens werden dem Großen Kurfürsten vom polnischen König als Lehen verliehenL{Lauenburg} und Bütow
2%

Verteilung der Resultate

Perzentil nach korrekt beantworteten Fragen

Anzahl Personen mit jedem Resultat

Ihre Resultats-Entwicklung

Sie haben dieses Quiz noch nicht gespielt